Mastering Microsoft Visual basic 2008 / (رقم التسجيلة. 32093)
[ عرض عادي ]
| 000 -الفاتح | |
|---|---|
| حقل البيانات ثابتة الطول | 01549cam a2200361 a 4500 |
| 001 - رقم الضبط | |
| رقم الضبط | 15115782 |
| 003 - محدد رقم الضبط | |
| رقم الضبط | OSt |
| 005 - وقت وتاريخ اخر تعامل مع التسجيلة | |
| رقم الضبط | 20150408114152.0 |
| 008 - عناصر البيانات ثابتة الطول - معلومات عامة | |
| حقل البيانات ثابتة الطول | 071217s2008 inua 001 0 eng |
| 010 ## - رقم ضبط مكتبة الكونجرس | |
| رقم ضبط مكتبة الكونجرس | 2007051637 |
| 015 ## - رقم الببليوجرافية الوطنية | |
| رقم الببليوجرافية الوطنية | GBA7A1657 |
| المصدر | bnb |
| 016 7# - رقم ضبط الوكاله الوطنية للضبط الببليوجرافي | |
| رقم ضبط التسجيلة | 014469477 |
| المصدر | Uk |
| 020 ## - الرقم الدولى المعيارى للكتب | |
| الرقم الدولى المعيارى للكتاب | 9780470187425 (pbk.) |
| 020 ## - الرقم الدولى المعيارى للكتب | |
| الرقم الدولى المعيارى للكتاب | 0470187425 (pbk.) |
| 035 ## - رقم ضبط النظام | |
| رقم ضبط النظام | (OCoLC)ocn183916094 |
| 040 ## - مصدر الفهرسة | |
| وكالة الفهرسة الأصلية | DLC |
| وكالة النسخ | DLC |
| وكالة التعديل | UKM |
| -- | BAKER |
| -- | C#P |
| -- | YDXCP |
| -- | BTCTA |
| -- | XVF |
| -- | VP@ |
| -- | SMP |
| -- | CQU |
| -- | DLC |
| 050 00 - رقم طلب مكتبة الكونجرس | |
| رقم التصنيف | QA76.73.B3 |
| رقم المادة | P492285 2008 |
| 082 00 - رقم تصنيف ديوى العشرى | |
| رقم التصنيف | 005.2/762 |
| رقم الطبعة | 22 |
| رقم المادة | PEM |
| 100 1# - المدخل الرئيسى - إسم شخصى | |
| الإسم الشخصى | Petroutsos, Evangelos. |
| 9 (RLIN) | 39855 |
| 245 10 - بيان العنوان | |
| العنوان | Mastering Microsoft Visual basic 2008 / |
| بيان المسئوليه,etc | Evangelos Petroutsos, Mark Ridgeway. |
| 260 ## - PUBLICATION, DISTRIBUTION, ETC. (IMPRINT) | |
| مكان الناشر او الموزع | Indianapolis, Ind. : |
| اسم الناشر او الموزع | Wiley/Sybex Pub., |
| تاريخ النشر أو التوزيع | c2008. |
| 300 ## - الوصف المادى | |
| التعداد | xxxiii, 1118 p. : |
| تفاصيل ماديه اخرى للوعاء | ill. ; |
| أبعاد الوعاء | 24 cm. |
| 500 ## - تبصرة عامة | |
| تبصرة عامة | Includes index. |
| 630 00 - المدخل الاضافى بالموضوع - عنوان موحد | |
| عنوان موحد | Visual Basic. |
| 650 #0 - المدخل الاضافى بالموضوع-مصطلح موضوعى | |
| مصطلح موضوعي أو اسم جغرافي كعنصر مدخل | BASIC (Computer program language) |
| 9 (RLIN) | 4046 |
| 700 1# - المدخل الاضافى - اسم شخصى | |
| الإسم الشخصى | Ridgeway, Mark. |
| 9 (RLIN) | 39856 |
| 856 42 - الوصول و الموقع الالكترونى | |
| مواد محددة | Publisher description |
| معرف المصدر الموحد | <a href="http://www.loc.gov/catdir/enhancements/fy0806/2007051637-d.html">http://www.loc.gov/catdir/enhancements/fy0806/2007051637-d.html</a> |
| 856 41 - الوصول و الموقع الالكترونى | |
| مواد محددة | Table of contents only |
| معرف المصدر الموحد | <a href="http://www.loc.gov/catdir/enhancements/fy0808/2007051637-t.html">http://www.loc.gov/catdir/enhancements/fy0808/2007051637-t.html</a> |
| 856 42 - الوصول و الموقع الالكترونى | |
| مواد محددة | Contributor biographical information |
| معرف المصدر الموحد | <a href="http://www.loc.gov/catdir/enhancements/fy0808/2007051637-b.html">http://www.loc.gov/catdir/enhancements/fy0808/2007051637-b.html</a> |
| 906 ## - عنصر بيانات محلى F, LDF (RLIN) | |
| a | 7 |
| b | cbc |
| c | orignew |
| d | 1 |
| e | ecip |
| f | 20 |
| g | y-gencatlg |
| 942 ## - عناصر المدخل الإضافي( كوها) | |
| مصدر التصنيف او مخطط الترفيف | Dewey Decimal Classification |
| Koha [default] item type | كتاب |
| حالة الفقد | نموذج السعر الفعال | حالة تلف | ليس للاعارة | رقم الطلب | تاريخ الاكتساب | الموقع الحالي | الباركود | الفرع الرئيسي | Date last seen | نوع المادة فى نظام كوها | مصدر التصنيف او خطة الترفيف | Total Checkouts | Total Renewals | Date last checked out |
|---|---|---|---|---|---|---|---|---|---|---|---|---|---|---|
| 2013-11-16 | 005.2/762 PEM | 2013-11-16 | المكتبة المركزية بالمجمعة (CL) | 00452439 | المكتبة المركزية بالمجمعة (CL) | 2013-11-16 | كتاب | Dewey Decimal Classification | ||||||
| 2013-11-16 | 005.2/762 PEM | 2013-11-16 | المكتبة المركزية بالمجمعة (CL) | 00452440 | المكتبة المركزية بالمجمعة (CL) | 2013-11-16 | كتاب | Dewey Decimal Classification | ||||||
| 2013-11-16 | 005.2/762 PEM | 2013-11-16 | المكتبة المركزية بالمجمعة (CL) | 00452441 | المكتبة المركزية بالمجمعة (CL) | 2013-11-16 | كتاب | Dewey Decimal Classification | ||||||
| 2013-11-16 | 005.2/762 PEM | 2013-11-16 | مكتبة مجمع الكليات بالزلفى - طلاب (SZM) | 00452442 | مكتبة مجمع الكليات بالزلفى - طلاب (SZM) | 2014-11-13 | كتاب | Dewey Decimal Classification | 1 | 2 | 2014-02-17 | |||
| 2013-11-16 | 005.2/762 PEM | 2013-11-16 | مكتبة مجمع الكليات بالزلفى - طلاب (SZM) | 00452443 | مكتبة مجمع الكليات بالزلفى - طلاب (SZM) | 2013-11-16 | كتاب | Dewey Decimal Classification |
